MARC details
| 000 -CABECERA |
| campo de control de longitud fija |
03141nam a2200325 a 4500 |
| 001 - NÚMERO DE CONTROL |
| campo de control |
991028018069706706 |
| 003 - IDENTIFICADOR DEL NÚMERO DE CONTROL |
| campo de control |
ES-BaIT |
| 005 - FECHA Y HORA DE LA ÚLTIMA TRANSACCIÓN |
| campo de control |
20260312105833.0 |
| 008 - DATOS DE LONGITUD FIJA--INFORMACIÓN GENERAL |
| campo de control de longitud fija |
160422s2015 xxua 001 0 eng c |
| 020 ## - NÚMERO INTERNACIONAL ESTÁNDAR DEL LIBRO |
| Número Internacional Estándar del Libro |
9780970834614 |
| 035 ## - NÚMERO DE CONTROL DEL SISTEMA |
| Número de control de sistema |
(ES-BaCBU).b66681881 |
| 040 ## - FUENTE DE LA CATALOGACIÓN |
| Centro catalogador/agencia de origen |
ES-BaCBU |
| Lengua de catalogación |
cat |
| Centro/agencia transcriptor |
ES-BaCBU |
| 080 ## - NÚMERO DE LA CLASIFICACIÓN DECIMAL UNIVERSAL |
| Número de la Clasificación Decimal Universal |
06 |
| 245 00 - MENCIÓN DE TÍTULO |
| Título |
What makes a great exhibition? / |
| Mención de responsabilidad, etc. |
Paula Marincola, editor |
| 260 ## - PUBLICACIÓN, DISTRIBUCIÓN, ETC. |
| Lugar de publicación, distribución, etc. |
Philadelphia, PA : |
| Nombre del editor, distribuidor, etc. |
The Pew Center for Arts & Heritage, |
| Fecha de publicación, distribución, etc. |
cop. 2015 |
| 300 ## - DESCRIPCIÓN FÍSICA |
| Extensión |
184 p. : |
| Otras características físicas |
il. ; |
| Dimensiones |
24 cm |
| 500 ## - NOTA GENERAL |
| Nota general |
Índex |
| 505 8# - NOTA DE CONTENIDO CON FORMATO |
| Nota de contenido con formato |
Conté: Introduction: Practice Makes Perfect / Paula Marincola -- Show and Tell / Robert Storr -- Lieu of Higher Ground / Lynne Cooke -- You Talking To Me? On Curating Group Shows that Give You a Chance to Join the Group / Ralph Rugoff -- The Unstable Institution / Carlos Basualdo -- With Our Faces to the Rising Sun / Thelma Golden with Glenn Ligon -- Mies’s New National Gallery : Empty and Full / Detlef Mertins -- Design and Architecture / Paola Antonelli interviewed by Bennett Simpson -- Who’s afraid of gift-wrapped kazoos?/ Jeffrey Kipnis -- Handy-Crafts: A Doctrine / Glenn Adamson -- Temple/White Cube/Laboratory / Iwona Blazwick -- Making Space for Art / Mary Jane Jacob -- Questions of Practice / Mark Nash -- Wall Text / Ingrid Schaffner -- Afterword / Marian Godfrey -- Acknowledgments / Paula Marincola |
| 520 ## - SUMARIO, ETC. |
| Sumario, etc. |
"For better or worse, museums are changing from forbidding bastions of rare art into audience-friendly institutions that often specialize in “blockbuster” exhibitions designed to draw crowds. But in the midst of this sea change, one largely unanswered question stands out: “What makes a great exhibition?” Some of the world’s leading curators and art historians try to answer this question here, as they examine the elements of a museum exhibition from every angle.What Makes a Great Exhibition? investigates the challenges facing American and European contemporary art in particular, exploring such issues as group exhibitions, video and craft, and the ways that architecture influences the nature of the exhibitions under its roof. The distinguished contributors address diverse topics, including Studio Museum in Harlem director Thelma Golden’s examination of ethnically-focused exhibitions; and Robert Storr, director of the 2007 Venice Biennale and formerly of the Museum of Modern Art, on the meaning of “exhibition and “exhibitionmaker.”A thought-provoking volume on the practice of curatorial work and the mission of modern museums, What Makes A Great Exhibition? will be indispensable reading for all art professionals and scholars working today" -- Pàgina web editorial |
| 650 #0 - PUNTO DE ACCESO ADICIONAL DE MATERIA--TÉRMINO DE MATERIA |
| Término de materia o nombre geográfico como elemento de entrada |
Art |
| Subdivisión general |
Tècniques d'exposició |
| 9 (RLIN) |
168943 |
| 650 #7 - PUNTO DE ACCESO ADICIONAL DE MATERIA--TÉRMINO DE MATERIA |
| Término de materia o nombre geográfico como elemento de entrada |
Museologia |
| Fuente del encabezamiento o término |
lemac |
| 9 (RLIN) |
57331 |
| 650 #0 - PUNTO DE ACCESO ADICIONAL DE MATERIA--TÉRMINO DE MATERIA |
| Término de materia o nombre geográfico como elemento de entrada |
Semiòtica i museus |
| 9 (RLIN) |
168944 |
| 650 #0 - PUNTO DE ACCESO ADICIONAL DE MATERIA--TÉRMINO DE MATERIA |
| Término de materia o nombre geográfico como elemento de entrada |
Exposicions en museus |
| Subdivisión general |
Manuals, guies, etc |
| 9 (RLIN) |
168945 |
| 700 1# - ENTRADA AGREGADA--NOMBRE PERSONAL |
| Nombre de persona |
Marincola, Paula |
| Término indicativo de función/relación |
ed. |
| 9 (RLIN) |
168947 |
| 830 ## - PUNTO DE ACCESO ADICIONAL DE SERIE-TÍTULO UNIFORME |
| Título uniforme |
Questions of practice |
| 9 (RLIN) |
168948 |
| 907 ## - ELEMENTOS DE DATOS G LOCAL, LDG (RLIN) |
| a |
.b66681881 |
| b |
10-05-17 |
| c |
22-04-16 |
| d |
22-04-16 |
| e |
m |
| f |
a |
| g |
- |
| h |
eng |
| i |
xxu |
| j |
0 |
| k |
0 |
| 908 ## - COLOCAR PARÁMETRO DE COMANDO (RLIN) |
| Colocar parámetro de comando |
DHUB |
| -- |
CDMAE |
| 940 ## - EQUIVALENCIA O REFERENCIA-CRUZADA--TÍTULO UNIFORME [OBSOLETO] [solamente CAN/MARC] |
| Título uniforme |
<a href="CVA7">CVA7</a> |
| 942 ## - ELEMENTOS DE ENTRADA AGREGADA (KOHA) |
| Fuente del sistema de clasificación o colocación |
Clasificación decimal universal |
| Tipo de ítem Koha |
Llibre |